000 00679nam a2200265Ia 4500
003 OSt
005 20220912152726.0
006 a|||||r|||| 00| 0
007 ta
008 220909b |||||||| |||| 00| 0 eng d
024 _a37430
037 _cTextual
040 _aCSL
_beng
_cCSL
041 _aeng
082 _aC9B58, K4;1
100 _aMcgrath I A Ed.
245 0 _aAdvances in magnetohydrodynamics
260 _c1964
300 _ap.
_ccm.
650 _aPlasma physics
700 _a Siddall R G Ed.
700 _a Thring M W Ed.
942 _hC9B58, K4;1
_cTEXL
_2CC
999 _c90553
_d90553